Statistics for Official Names of Countries

Click here to take the quiz!

General Stats

  • This quiz has been taken 25 times
  • The average score is 12 of 28

Answer Stats

Common nameFormal name% Correct
ChinaPeople's Republic of China
95%
United StatesUnited States of America
90%
RussiaRussian Federation
81%
United KingdomUnited Kingdom of Great Britain and Northern Ireland
67%
TaiwanRepublic of China
62%
South KoreaRepublic of Korea
62%
FranceFrench Republic
52%
JapanJapan
52%
ItalyItalian Republic
52%
SpainKingdom of Spain
48%
North KoreaDemocratic People's Republic of Korea
48%
IranIslamic Republic of Iran
43%
GermanyFederal Republic of Germany
43%
AustraliaCommonwealth of Australia
43%
SwitzerlandSwiss Confederation
43%
OmanSultanate of Oman
38%
CanadaCanada
33%
MonacoPrincipality of Monaco
33%
IsraelState of Israel
29%
JordanHashemite Kingdom of Jordan
24%
LuxembourgGrand Duchy of Luxembourg
24%
BoliviaPlurinational State of Bolivia
24%
MexicoUnited Mexican States
24%
SyriaSyrian Arab Republic
24%
Ivory CoastRepublic of Côte d'Ivoire
19%
UruguayOriental Republic of Uruguay
14%
MyanmarRepublic of the Union of Myanmar
14%
BruneiNation of Brunei, the Abode of Peace
10%

Score Distribution

Percentile by Number Answered

Percent of People with Each Score

Your Score History

You have not taken this quiz